Estructura y funciones del cuerpo humano / (Registro nro. 13217)

Detalles MARC
000 -LEADER
fixed length control field 00578nam a22001697a 4500
003 - CONTROL NUMBER IDENTIFIER
control field DO-SdBNP
005 - DATE AND TIME OF LATEST TRANSACTION
control field 20171129134725.0
008 - FIXED-LENGTH DATA ELEMENTS--GENERAL INFORMATION
fixed length control field 171129b 1967 ag| 00| 0 spa d
040 ## - CATALOGING SOURCE
Original cataloging agency DO-SdBNP
Language of cataloging spa
Transcribing agency DO-SdBNP
100 ## - MAIN ENTRY--PERSONAL NAME
Personal name Ferris, Elvira Binello,
Dates associated with a name 1912-
245 ## - TITLE STATEMENT
Title Estructura y funciones del cuerpo humano /
Statement of responsibility, etc. Elvira Binello Ferris ; traducción de Andrés Pirk
260 ## - PUBLICATION, DISTRIBUTION, ETC. (IMPRINT)
Place of publication, distribution, etc. Buenos Aires :
Name of publisher, distributor, etc. Centro Regional de Ayuda Técnica
Date of publication, distribution, etc. 1954
300 ## - PHYSICAL DESCRIPTION
Extent 144 p.;
Dimensions 29 cm.
942 ## - ADDED ENTRY ELEMENTS (KOHA)
Source of classification or shelving scheme Dewey Decimal Classification
Koha item type Libros
945 ## - LOCAL PROCESSING INFORMATION (OCLC)
a Inventariado extranjero / 2017 VM
956 ## - LOCAL ELECTRONIC LOCATION AND ACCESS (OCLC)
Host name VMATEO
Access number 10
Compression information 20171129
Path BPMSU
Electronic name 0069
Existencias
Withdrawn status Lost status Source of classification or shelving scheme Damaged status Not for loan Collection code Home library Current library Date acquired Total Checkouts Barcode Date last seen Price effective from Koha item type
    Dewey Decimal Classification     Colección General Biblioteca Pública Metropolitana Salomé Ureña Biblioteca Pública Metropolitana Salomé Ureña 11/29/2017   BPMSU17110543 11/29/2017 11/29/2017 Libros